| 000 | 00613nam a2200193 i 4500 | ||
|---|---|---|---|
| 001 | 135348 | ||
| 003 | ES-MaACL | ||
| 005 | 20250717024236.0 | ||
| 007 | t| | ||
| 008 | 070716s1968 sp ||||1| spa d | ||
| 080 | _a351.816(46).087 | ||
| 100 | 1 |
_aTorija López de Antona, Miguel. _9220132 |
|
| 245 | 1 | 0 |
_aDerechos activos y pasivos del personal rural de correos / _cMiguel Torija López de Antona. |
| 260 |
_aMadrid : _b[Gabinete Técnico Laboral], _c1968. |
||
| 300 |
_a112 p., 5 h. ; _c21 cm. |
||
| 650 | 1 | 4 |
_aCarteros- _zEspaña _910803 |
| 852 |
_aES-MaACL _jC-34412 _bR.65356 |
||
| 999 |
_c135348 _d135348 |
||